MARC

LEADER 00000nam0a2200000 4500
001 304385
005 20250131181026.0
035 |a (RuTPU)RU\TPU\book\329632 
090 |a 304385 
100 |a 20150914d1983 k y0rusy5003 ca 
101 0 |a rus 
102 |a RU 
105 |a a z 001zy 
200 1 |a Геофизические исследования скальных оснований гидротехнических сооружений  |f Всесоюзный проектно-изыскательский и научно-исследовательский институт "ГИДРОПРОЕКТ" имени С. Я. Жука ; под ред. А. И. Савича 
210 |a Москва  |c Изд-во Гидропроекта  |d 1983 
215 |a 167 с.  |c ил.  |d 21 см 
225 1 |a Сборник научных трудов Гидропроекта  |v Вып. 89 
320 |a Библиогр. в конце ст. 
500 1 0 |a Сборник научных трудов Гидропроекта  |9 88831 
606 1 |a Гидротехнические сооружения  |x Основания и фундаменты  |x Исследование  |2 stltpush  |3 (RuTPU)RU\TPU\subj\6879  |9 34657 
610 1 |a геофизические исследования 
610 1 |a сейсмическая опасность 
610 1 |a космические снимки 
610 1 |a модели 
610 1 |a скальные основания 
610 1 |a электрометрия 
610 1 |a горные породы 
610 1 |a экспресс-методы 
610 1 |a каротаж 
675 |a 627.8.05  |v 4 
702 1 |a Савич  |b А. И.  |4 340 
712 0 2 |a Всесоюзный проектно-изыскательский и научно-исследовательский институт "ГИДРОПРОЕКТ" имени С. Я. Жука  |3 (RuTPU)RU\TPU\col\11545  |9 25169 
801 0 |a RU  |b RuMRKP  |c 19950704  |g psbo 
801 1 |a RU  |b 63413507  |c 20150914 
801 2 |a RU  |b 63413507  |c 20171004  |g RCR 
942 |c BK